000 00726nam a2200205Ii 4500
003 JO-AjNU
008 230605s9999||||xx |||||||||||||| ||und||
040 _aJO-AjNU
_bara
_erda
_cJO-AjNU
041 _aara
050 1 4 _aQ181 .P9712
100 3 _aالكاظمي، فؤاد ؛ ترجمة صلاح سعد الله سعدالله خليل الشكرجي,
_eauthor
_913442
245 0 0 _aالتجديد في تدريس العلوم على النطاق العالمي
250 _aد.ط
264 3 1 _aاليونسكو :د.ن،د.ت
300 _a370ص
336 _atext
_btxt
_2rdacontent
337 _aunmediated
_bn
_2rdamedia
338 _avolume
_bnc
_2rdacarrier
650 4 _aالعلوم - دراسة وتعليم
_913443
999 _aA3348
_c6916
_d6916